Augusztus 6-20 III. Szegedi Fotoszalon
Elmentve itt :
| Dokumentumtípus: | Cikk |
|---|---|
| Megjelent: |
1967-08-05
|
| Sorozat: | Délmagyarország
57 No. 183 |
| Kulcsszavak: | Fotóművészet Szeged kiállítás 1967, fotó |
| Online Access: | http://dmarchiv.bibl.u-szeged.hu/75484 |
| LEADER | 00445nab a2200145 i 4500 | ||
|---|---|---|---|
| 001 | delm75484 | ||
| 005 | 20180928084322.0 | ||
| 008 | 180928s1967 hu o 0|| hun d | ||
| 040 | |a SZTE Délmagyarország Archívum |b hun | ||
| 041 | |a hun | ||
| 245 | 0 | 0 | |a Augusztus 6-20 |h [elektronikus dokumentum] : |b III. Szegedi Fotoszalon |
| 260 | |c 1967-08-05 | ||
| 300 | |a 5 | ||
| 490 | 0 | |a Délmagyarország |v 57 No. 183 | |
| 695 | |a Fotóművészet Szeged kiállítás 1967, fotó | ||